Coat of Arms / Emblems of Territories / Dependencies - Statistics

General Stats
  • This quiz has been taken 17 times
    14 since last reset
  • The average score is 14 of 59
Answer Stats
Picture Answer % Correct
Guam
78%
Gibraltar
67%
Macau
67%
Wallis and Futuna
67%
Falkland Islands
56%
Hong Kong
56%
Northern Mariana Islands
56%
Western Sahara (SADR)
56%
British Virgin Islands
44%
French Polynesia
44%
Guadeloupe
44%
Mayotte
44%
Saint Pierre and Miquelon
44%
United States Virgin Islands
44%
Anguilla
33%
Bermuda
33%
Cook Islands
33%
Montserrat
33%
Réunion
33%
American Sāmoa
22%
Ascension Island
22%
Cayman Islands
22%
Curaçao
22%
Guernsey
22%
Isle of Man
22%
New Caledonia
22%
Norfolk Island
22%
Pitcairn Islands
22%
Pridnestrovie (Transnistria)
22%
Saint Barthélemy
22%
Saint Martin
22%
Somaliland
22%
South Osetia (Alania)
22%
Turks and Caicos Islands
22%
Bonaire
11%
British Indian Ocean Territory
11%
Easter Island
11%
Faroe Islands
11%
French Guiana
11%
French Southern and Antarctic Lands
11%
Greenland
11%
Jersey
11%
Martinique
11%
Northern Cyprus
11%
Puerto Rico
11%
South Georgia and the South Sandwich Islands
11%
Tokelau
11%
Tristan da Cunha
11%
Abkhazia
0%
Akrotiri and Dhekelia
0%
Åland
0%
Aruba
0%
Christmas Island
0%
Cocos (Keeling) Islands
0%
Niuē
0%
Saba
0%
Saint Helena
0%
Sint Eustatius
0%
Sint Maarten
0%
No matching quizzes found
Score Distribution
Percent of People with Each Score
Percentile by Number Answered
Your Score History
You have not taken this quiz since the last reset